[Event "Khanty-Mansiysk FIDE GP"]
[Site "Khanty-Mansiysk"]
[Date "2015.05.24"]
[Round "9"]
[White "Giri, Anish"]
[Black "Jobava, Baadur"]
[Result "1-0"]
[WhiteElo "2776"]
[BlackElo "2699"]
[Annotator "Marin,M"]
[PlyCount "49"]
[EventDate "2015.05.14"]
[EventType "tourn"]
[EventRounds "11"]
[EventCountry "RUS"]
[EventCategory "21"]
[SourceTitle "CBM 167"]
[Source "ChessBase"]
[SourceDate "2015.07.13"]
[SourceVersion "1"]
[SourceVersionDate "2015.07.13"]
[SourceQuality "1"]

1. e4 {[%emt 0:00:02]} e6 {[%emt 0:00:48]} 2. d4 {[%emt 0:00:20]} d5 {[%emt 0:
00:05]} 3. Nc3 {[%emt 0:00:20]} Nc6 {[%emt 0:02:00] In the past this was
famously used by Petrosian in the last game of his Candidates' final with
Fischer, which turned to be the fourth defeat of the former World Champion and
sealed Fischer's advance to the match with Spassky. Nowadays, it has clearly
become "the Jobava Variation".} 4. e5 {[%emt 0:00:55]} ({I have given an
overview of Jobava's ideas in my comments to Dominguez Perez,L (2760)-Jobava,B
(2713) Tromso 2014 CBM 162 [Marin,M] (1/2-1/2, 43), continuing with} 4. Nf3)
4... Bd7 $5 {[%emt 0:02:45] A rare move.} ({Previously, Jobava had tried} 4...
Nge7 5. Nf3 Nf5 {, as examined in the notes to the aforementioned game.}) 5.
Nf3 {[%emt 0:01:32]} a6 $5 {[%emt 0:02:38] And this is almost a novelty,
having been played only once before. Black prepares ...f7-f6 by preventing
Bf1-b5.} ({Two rounds earlier, Jobava tried} 5... Nge7 6. Ne2 Nf5 7. Ng3 Nh4 8.
c3 g6 9. Bf4 f6 (9... f5 $5) 10. Nxh4 (10. Nh5 $1 $14 gxh5 $2 11. Nxh4 $18 {
[%cal Gd1h5]}) 10... fxe5 11. Nxg6 hxg6 12. dxe5 Qh4 13. Ne2 O-O-O {Karjakin,S
(2753)-Jobava,B (2699) Khanty-Mansiysk 2015 (1/2-1/2, 32)}) (5... f6 {is a bit
premature due to} 6. Bb5 {when Black would not be able to threaten ...fxe5 for
a long time.} a6 7. Bxc6 Bxc6 8. h4 Qd7 9. h5 O-O-O 10. Bf4 Bb4 11. Qd2 h6 12.
a3 Bxc3 13. Qxc3 f5 14. b3 Ne7 15. a4 Kb8 16. Bc1 $1 {The start of an elegant
double regrouping of the minor pieces in accordance with the strategic demands
of the psotiion.} Rdg8 17. Ng1 g5 18. hxg6 Nxg6 19. Ne2 Qd8 20. Bd2 h5 21.
O-O-O $14 {[%csl Rc6,Gf4,Rh5] Karjakin,S (2772)-Andreikin,D (2716) Tromsoe
2013 (1/2-1/2, 37)}) 6. a3 $5 $146 {[%emt 0:01:57] White answers with a
similar method. His main idea is preparing Bd3 followed by Ne2 without fearing
...Nb4.} (6. Ne2 {as tried in Stock,A-Bednarski,J (2360) St Ingbert 1989 (0-1,
66) is too passive, allowing} f6 {under favourable circumstances.}) (6. Be2
Nge7 {leaves White with problems re-locating his c3-knight.}) (6. Bd3 Nb4 7.
Be2 c5 $132) 6... f6 {[%emt 0:02:42]} 7. Bd3 {[%emt 0:02:49]} fxe5 $6 {[%emt 0:
04:21]} ({With hindsight, Black should probably have maintained the tension
with, say} 7... Qe7 8. Bf4 O-O-O 9. Qd2 Qf7) 8. dxe5 {[%emt 0:00:27]} ({
Of course,} 8. Nxe5 $6 {would clear space for Black's pieces:} Nxe5 9. dxe5 Qh4
10. O-O Nh6 $11) 8... Bc5 {[%emt 0:03:33]} 9. O-O {[%emt 0:02:29]} Nge7 $6 {
[%emt 0:03:57] Quite dangerous.} ({True, Black's position would also be on the
edge after} 9... Qe7 10. b4 Ba7 (10... Bb6 11. Na4 Ba7 12. Bg5 Qf8 13. Be3 $14)
11. Rb1 Nh6 12. b5 (12. Bxh6 gxh6 13. b5 Nd4 14. bxa6 Nxf3+ 15. Qxf3 bxa6 {
[%csl Ga7] is not entirely clear.}) 12... Nd4 13. bxa6 bxa6 14. Nxd4 Bxd4 15.
Bxh6 Bxc3 (15... gxh6 16. Ne4 $1 {[%cal Ge4f6]} dxe4 17. Bxe4 {[%csl Ga8,Gd4]}
Rd8 18. Qxd4 Bb5 19. Qe3 Bxf1 20. Rxf1 {[%cal Ge4c6]} O-O 21. Qxh6 $14) 16. Rb3
Bd4 17. Be3 Bxe3 18. fxe3 Qg5 19. e4 d4 20. Qf3 Qxe5 21. Qf7+ Kd8 {The king is
facing some dangers, but being a pawn up Black is alive and kicking, too.}) 10.
Ne2 {[%emt 0:17:26] Slightly too slow.} (10. Ng5 $1 g6 (10... Nxe5 11. Bxh7 Rf8
12. Nge4 $36 dxe4 $6 13. Qh5+ $16 {[%csl Rc5,Re5]}) 11. Qf3 Rf8 12. Qg3 $16)
10... O-O {[%emt 0:00:36]} 11. Nf4 {[%emt 0:00:13]} h6 {[%emt 0:12:53] A loss
of time.} ({Ng5 should have been prevented with the active} 11... Nf5 $1 12. c4
dxc4 13. Bxc4 Nfd4 14. Ng5 Qe7 $13) 12. c4 $1 $36 {[%emt 0:02:06]} Nd4 {
[%emt 0:03:29]} 13. Nxd4 {[%emt 0:08:07]} Bxd4 {[%emt 0:00:12]} 14. cxd5 {
[%emt 0:06:08]} (14. Qg4 $1 Bxe5 15. Nxe6 Qc8 16. cxd5 Nxd5 17. Qe4 Bxe6 18.
Qxe5 $14 {The bishop pair in an open position offer White the better chances.})
14... Nxd5 {[%emt 0:01:43]} 15. Nxd5 {[%emt 0:07:04]} exd5 {[%emt 0:00:36]} 16.
Bc2 {[%emt 0:06:30]} c5 {[%emt 0:01:30]} 17. Be3 $1 {[%emt 0:00:18]} Qb6 {
[%emt 0:07:46]} (17... Bxe3 18. Qxd5+ Kh8 19. fxe3 $16) 18. Bxd4 {[%emt 0:03:
06]} cxd4 {[%emt 0:00:06]} 19. Qd3 {[%emt 0:10:02] This tempting move should
not have produced too much effect.} ({Stabilising the positon with} 19. Bd3 $5
{was worth trying.} Rae8 (19... Qxb2 20. Rb1 Qxa3 21. Rxb7 $16) 20. Qe2 (20. f4
{weakens the e3-square, which becomes relevant after} Qxb2 21. Rb1 Qxa3 22.
Rxb7 Bb5 $1 23. Bxb5 Qe3+ 24. Kh1 axb5 {and Black's positon is already more
pleasant.}) 20... g5 21. Rae1 $14 {Due to his better structure and the safer
king's position, White has some advantage, although it is not easy to make
progress.}) 19... Rf5 $2 {[%emt 0:00:06] Jobava lets himself be carried away
by some tactical mirage.} (19... Bf5 $1 20. Qb3 (20. Qd2 Qxb2 $17) (20. Qd1
Rac8 $36) 20... Qxb3 21. Bxb3 Rad8 22. Rac1 Rfe8 23. Rfe1 Kf7 $11) 20. f4 {
[%emt 0:02:52]} Bb5 {[%emt 0:18:58]} 21. Qxf5 {[%emt 0:01:26]} d3+ {[%emt 0:00:
06]} 22. Rf2 {[%emt 0:05:30]} Rf8 {[%emt 0:00:05]} 23. Bxd3 $1 {[%emt 0:01:38]
The strongest, but not the only good continuation.} ({After} 23. Qh3 dxc2 24.
Qc3 Ba4 25. f5 {the main point is that} Rxf5 $2 {loses to} 26. Qc8+ {,
something Jobava must have overlooked, together with Katjakin's continuation.})
23... Rxf5 {[%emt 0:00:06]} 24. Bxf5 {[%emt 0:00:01] White has a material
advantage and a dangerous kingside majority.} Qe3 $6 {[%emt 0:01:25] Just
losing another pawn.} 25. Be6+ {[%emt 0:00:52]} (25. Be6+ Kf8 26. Bxd5 $18) 1-0

[Event "Bundesliga 0607"]
[Site "Germany"]
[Date "2007.03.17"]
[Round "12.4"]
[White "Glek, Igor Vladimirovich"]
[Black "Meier, Georg"]
[Result "0-1"]
[WhiteElo "2553"]
[BlackElo "2484"]
[Annotator "Meier,Georg"]
[PlyCount "84"]
[EventDate "2006.10.28"]
[EventType "team-tourn"]
[EventRounds "15"]
[EventCountry "GER"]
[SourceTitle "CBM 118"]
[Source "ChessBase"]
[SourceDate "2007.05.31"]
[SourceVersion "1"]
[SourceVersionDate "2007.05.31"]
[SourceQuality "1"]
[WhiteTeam "Katernberg"]
[BlackTeam "Eppingen"]
[WhiteTeamCountry "GER"]
[BlackTeamCountry "GER"]

1. e4 e6 2. d4 d5 3. Nc3 dxe4 4. Nxe4 Nd7 5. g3 Be7 6. Bg2 Ngf6 7. Ng5 $6 {
Die Hauptidee dieses Zuges besteht darin die Pfade der Theorie zu verlassen.
Der Zug selbst ist einfach schlecht...} (7. Nxf6+ Bxf6 8. Nf3 O-O 9. O-O e5 $11
) 7... O-O 8. Ne2 Nd5 $1 (8... e5 $2 {Käme Weiß entgegen, da nun eine
Entwicklung des Läufers c8 nicht möglich ist, ohne den weißen Springern ideale
Felder zu überlassen.} 9. O-O c6 10. c3 h6 11. Nf3 exd4 12. Nexd4 Nc5 13. Ne5
$14) 9. Nf3 b5 $1 {Sichert das Feld d5 und gewinnt Raum am Damenflügel.} 10.
O-O Bb7 11. c3 a6 ({Nichts spricht auch gegen sofortiges} 11... c5) 12. Re1 c5
13. dxc5 Bxc5 14. Ned4 Qb6 $15 {Schwarz verfügt über die bessere
Bauernstruktur sowie Raumvorteil und Weiß kein gutes Feld für den Lc1.} 15. Qc2
Rac8 (15... b4 16. c4 Bxd4 17. Nxd4 Qxd4 18. cxd5 Bxd5 19. Be3 $132) 16. Nb3
Be7 $6 {Ungenau, denn jetzt gewinnt Weiß Zeit, durch die Drohung den Läufer c1
abzutauschen.} (16... Bd6 $142 $1 17. Bd2 Rfd8 18. Rad1 h6 19. Nbd4 N5f6 20.
Bc1 Bd5 $15) 17. Bg5 N7f6 $5 {Der Abtausch der Läufer würde Weiß entlasten, da
er damit seine Problem-Figur los wird. Ich wollte zumindest den Abtausch gg.
eine schlechtere Leichtfigur provozieren.} (17... Bd6 {nebst h6 kam auch in
Frage} 18. Rad1 h6 19. Bc1) 18. Ne5 Rfd8 19. Rad1 h6 20. Bxf6 Bxf6 21. Ng4 Be7
22. Nd4 Nf6 (22... Nxc3 $2 23. bxc3 Bxg2 24. Rxe6 $1 fxe6 25. Nxh6+ $1 gxh6 26.
Qg6+ Kf8 27. Qxh6+ $11) 23. Bxb7 Qxb7 24. Qe2 $2 {Das erlaubt die Zerschlagung
des weißen Damenflügels.} (24. Ne5 Bc5 $15 (24... b4 $2 25. c4)) 24... Nxg4 25.
Qxg4 b4 $1 $17 {Auf einen Schlag erhält Weiß nun 2 schwache Bauern. Weiß
sollte darum bemüht sein, diesem Vorstoß entweder mit c3-c4 begegnen zu können
oder wenigstens auf b4 schlagen zu können. Eine andere Idee in dieser Struktur
besteht darin, a3-a5 einzuschieben, um nach evtl. b5-b4 eine potentielle
Schwäche (den a-Bauern) abtauschen zu können.} 26. Rd3 (26. cxb4 $2 Qxb4 {
[%csl Rd4]}) 26... bxc3 27. bxc3 Bf6 28. Red1 Qd5 29. Qe2 Qc4 30. Nb3 Rd5 $6 (
30... Rxd3 $142 31. Rxd3 g5 $17 (31... Bxc3 $4 32. Rd8+ Kh7 33. Qc2+ g6 34. Nd2
Bxd2 35. Rxc8 $18)) 31. Qf3 Rcd8 (31... Rxd3 32. Rxd3 Bxc3 33. Rd7 $15) 32.
Rxd5 Rxd5 33. Re1 $2 (33. Rxd5 $142 {Den Turm zu tauschen ist naheliegend, da
Läufer und Turm bekanntlich gut harmonieren und die schwarze Bauernstruktur
wird auch verschlechtert. Allerdings haben wir beide 34.Qe3! übersehen, was
das nötige Gegenspiel einleitet.} exd5 34. Qe3 $1 {/\ Qe8xf7} g6 (34... g5 {
schwächt den König zu sehr.} 35. Nd4 Bxd4 36. cxd4 Qxa2 37. Qe8+ $132) 35. Qxh6
Qxc3 36. Qd2 Qc4 $15) 33... Bxc3 (33... Qxc3 34. Qxc3 Bxc3 $17) (33... a5 34.
Re3 a4 35. Re4 $1 (35. Nc1 Rd2 $19)) 34. Rc1 Rd3 35. Qa8+ Kh7 36. Qb7 f5 (36...
e5 37. Na5 Qb4 38. Qc8) 37. Qb6 f4 $4 $138 {[%csl Re4,Rh7][%cal Rb1h7] Eine
impulsive Entscheidung in Zeitnot, die meinen König und die weißen Felder
empfindlich schwächt. Das weiße Gegenspiel (39.Qb1 usw.) habe ich natürlich
völlig übersehen. Die mögliche Bestrafung ist sehr instruktiv.} ({Schwarz
konnte seine Stellung einfach mit dem Vormarsch des e-Bauern verstärken und
leicht gewinnen.} 37... e5 $19) 38. Nc5 Rd2 $2 (38... Rf3 39. Qb1+ Kg8 40. Qb8+
Kh7 41. Qb1+ Kg8 42. Ne4 fxg3 43. hxg3 Qd4 44. Rd1 Qb4 $11) 39. Nxe6 $4 {
Obwohl er noch über 20 Minuten zur Verfügung hatte, geht Igor an seiner Chance
vorbei. Er hatte nicht bemerkt, dass Db1 mehr als nur Dauerschach bringt und
dachte wohl, dass ich mit den mir verbleibenden Sekunden keine vernünftigen
Züge mehr finden würde.} (39. Qb1+ Kg8 40. Ne4 Rd3 41. Qb8+ Kh7 42. Qxf4 $18)
39... f3 {Merkwürdig, was nun passiert... Glek verliert völlig die Kontrolle.}
40. Nf4 $2 Qe4 41. Qxa6 $2 Bd4 42. Nh3 Qe2 0-1